000 01280nam a2200277 a 4500
001 000022531
003 DO-SdBNP
005 20230202101634.0
007 ta
008 101013s1993 dr a 000 0 spa d
040 _aDO-SdBNP
_bspa
_cBNPHU
082 _axxx
_bG216a 1993
_222
100 1 _aGarcía, Alberto
_946385
245 1 0 _aAquí mando yo :
_buna alternativa de esperanza /
_cAlberto García.
250 _a3a ed.
260 _aSanto Domingo :
_bAmigo del Hogar,
_c1993.
300 _a136 p. :
_bil. ;
_c21 cm.
490 1 _aLuz
_v3
500 _aIncluye referencias bibliográficas y notas al pie de las páginas
500 _aIlustraciones: “Mafalda ” de Quino
505 0 _tPrólogo --
_tAquí mando yo --
_t¿Libres, para que? --
_tSe hace camino al andar
_tExplorando la caja de herramientas --
_tDime lo que piensas y te diré donde vas a parar --
_tAl que por su gusto se ahorca la soga no le importa --
_tLa enfermedad mental es un deporte social --
_tEl camino de la salud --
_tEstrategia a corto plazo --
_tTodo es según el color del cristal con que se mira --
_tNo será mejor sentirse bien que sentirse mal --
_tO a la catástrofe o al catastro.
590 _aInventariado, 2020 /LP
830 0 _aLuz ; no. 3
_946386
910 _aLP
942 _2ddc
_cLBS1
999 _c22028
_d22028